000 01436nam a2200337 i 4500
003 EG-GICUC
005 20260412123355.0
008 260412s2012 ua ||||fr|||| 000 0 ara d
017 _a2011/13385
020 _a9789773279188
040 _a EG-GICUC
_bara
_c EG-GICUC
_d EG-GICUC
_erda
041 0 _aara
082 0 4 _221
_a341.851
_bع ل . ت
092 0 4 _221
099 _aLaw1 12 341.851 ع ل . ت 2012
100 0 _aعلاء محي الدين مصطفى أبو أحمد
_eمؤلف.
245 1 2 _aالتحكيم في منازعات العقود الإدارية الدولية :
_bفي ضوء القوانين الوضعية والمعاهدات الدولية وأحكام محاكم التحكيم دراسة مقارنة /
_cدكتور علاء محي الدين مصطفى أبو أحمد .
264 1 _aالاسكندرية :
_bدار الجامعة الجديدة ،
_c2012 .
300 _a496 ؛ صفحة
_c24 سم.
_bإيضاحيات، صور، مثيليات ؛
336 _2rda content
_atext
337 _2rda media
_aComputer
338 _2rda carrier
_aOnline Resource
504 _a. 496-483 ببليوجرافيا: صفحات.
546 _aالنص باللغة العربية
650 _aالقانون الدولى
_2qrmak
650 _aالتحكيم
_2qrmak
651 1 _2qrmak
856 4 0 _uhttps://fll.law.cu.edu.eg/fulltext/bks/B12-02036.pdf
905 _a60
942 _2ddc
_cBK
_e21
_n0
999 _c70201
_d70201